|
|
|
|
| LEADER |
01028nam a22002652a 4500 |
| 001 |
001115004 |
| 003 |
CZ BrMZK |
| 005 |
20110304105508.0 |
| 007 |
ta |
| 008 |
100910s1982 xo er|||||||||||slo d |
| 040 |
|
|
|a ABA001
|b cze
|d ABA001
|d BOA001
|
| 080 |
9 |
|
|a 631.8(075)=854
|
| 100 |
1 |
|
|a Bedrna, Zoltán,
|d 1933-2019
|7 jn20000600772
|4 aut
|
| 245 |
1 |
0 |
|a Zvyšovanie úrodnosti pôdy hnojením :
|b (metodická príručka racionalneho využívania organických hnojiv, priemyselných hnojiv a vápenatých hmôt) /
|c Zoltán Bedrna, Jozef Lopatník
|
| 250 |
|
|
|a 1. vyd.
|
| 260 |
|
|
|a Bratislava :
|b Príroda,
|c 1982
|
| 300 |
|
|
|a 188 s. ;
|c 8°
|
| 490 |
1 |
|
|a Edícia Ministerstva poľnohospodárstva a výživy SSR
|
| 504 |
|
|
|a Obsahuje bibliografii
|
| 700 |
1 |
|
|a Lopatník, Jozef
|7 xx0108962
|4 aut
|
| 830 |
|
0 |
|a Edícia Ministerstva poľnohospodárstva a výživy SSR
|
| 910 |
|
|
|a BOA001
|b 2-0854.028
|
| 990 |
|
|
|a BK
|
| 991 |
|
|
|b 201009
|
| 996 |
7 |
|
|b 2619364108
|c 2-0854.028
|l MZK
|r Sklad / do 1 hodiny
|n 2
|w 001142692
|u 000010
|a 1
|e BOA001
|j MZK50
|s A
|